<?xml version="1.0" encoding="UTF-8"?><?xml-stylesheet type="text/xsl" href="static/style.xsl"?><OAI-PMH xmlns="http://www.openarchives.org/OAI/2.0/" xmlns:xsi="http://www.w3.org/2001/XMLSchema-instance" xsi:schemaLocation="http://www.openarchives.org/OAI/2.0/ http://www.openarchives.org/OAI/2.0/OAI-PMH.xsd"><responseDate>2026-05-01T13:25:27Z</responseDate><request verb="GetRecord" identifier="oai:riubu.ubu.es:10259/8125" metadataPrefix="marc">https://riubu.ubu.es/oai/request</request><GetRecord><record><header><identifier>oai:riubu.ubu.es:10259/8125</identifier><datestamp>2023-11-25T01:05:27Z</datestamp><setSpec>com_10259.4_2498</setSpec><setSpec>com_10259_5086</setSpec><setSpec>com_10259_2604</setSpec><setSpec>col_10259.4_2499</setSpec></header><metadata><record xmlns="http://www.loc.gov/MARC21/slim" xmlns:doc="http://www.lyncode.com/xoai" xmlns:xsi="http://www.w3.org/2001/XMLSchema-instance" xmlns:dcterms="http://purl.org/dc/terms/" xsi:schemaLocation="http://www.loc.gov/MARC21/slim http://www.loc.gov/standards/marcxml/schema/MARC21slim.xsd">
<leader>00925njm 22002777a 4500</leader>
<datafield tag="042" ind1=" " ind2=" ">
<subfield code="a">dc</subfield>
</datafield>
<datafield tag="720" ind1=" " ind2=" ">
<subfield code="a">Chicharro Merayo, María del Mar</subfield>
<subfield code="e">author</subfield>
</datafield>
<datafield tag="260" ind1=" " ind2=" ">
<subfield code="c">2009</subfield>
</datafield>
<datafield tag="520" ind1=" " ind2=" ">
<subfield code="a">El presente trabajo ahonda en la función socializadora del medio televisivo. Parte del supuesto de que el relato televisivo tiene la capacidad de proveer a sus públicos de estructuras de interpretación sobre la realidad circundante. Concretamente, algunos de sus productos, si bien situados en el plano de la ficción, presentan lecturas explicativas sobre la sociedad española del presente y del pasado. A partir de ahí, nuestra investigación se concreta en el estudio de la telenovela La Señora. Insertada en el macrogénero del melodrama, presenta un discurso adaptado a las características culturales de su público objetivo. Su relación con otros textos, así como su utilización de estrategias emocionales y realistas, viene facilitando su acercamiento a la audiencia. El análisis de este texto nos permitirá identificar las claves semánticas conforme a las que se dibuja el devenir de la sociedad española, presentada en clave sentimental, pero también ideológica.</subfield>
</datafield>
<datafield tag="520" ind1=" " ind2=" ">
<subfield code="a">This paper aims to conduct a profound study into the socialization function performed by television. We start from the assumption that television narration has the capacity to provide its audiences with useful frameworks for interpreting the surrounding reality. More specifically, some of its products, although they belong in the realm of fiction, build explanatory interpretations of Spanish society in the present and past. From there our research focuses on the study of the soap opera La Señora(The Lady). This soap opera, under the macro-genre of melodrama, presents a discourse that adapts to the cultural features of its target audience. Its relationship with other texts, as well as its use of emotional and realistic strategies, facilitate its proximity to the audience. The analysis of this text will enable us to identify the semantic keys used by this soap opera to reflect the evolution of Spanish society. This process of change has been presented not only in a sentimental but also in an ideological way.</subfield>
</datafield>
<datafield tag="024" ind2=" " ind1="8">
<subfield code="a">0211-2175</subfield>
</datafield>
<datafield tag="024" ind2=" " ind1="8">
<subfield code="a">http://hdl.handle.net/10259/8125</subfield>
</datafield>
<datafield ind1=" " ind2=" " tag="653">
<subfield code="a">Telenovela</subfield>
</datafield>
<datafield ind1=" " ind2=" " tag="653">
<subfield code="a">Socialización</subfield>
</datafield>
<datafield ind1=" " ind2=" " tag="653">
<subfield code="a">Públicos televisivos</subfield>
</datafield>
<datafield ind1=" " ind2=" " tag="653">
<subfield code="a">Representación sociohistórica</subfield>
</datafield>
<datafield ind1=" " ind2=" " tag="653">
<subfield code="a">Soap opera</subfield>
</datafield>
<datafield ind1=" " ind2=" " tag="653">
<subfield code="a">Socialization</subfield>
</datafield>
<datafield ind1=" " ind2=" " tag="653">
<subfield code="a">Television audience</subfield>
</datafield>
<datafield ind1=" " ind2=" " tag="653">
<subfield code="a">Sociohistorical representation</subfield>
</datafield>
<datafield tag="245" ind1="0" ind2="0">
<subfield code="a">Recreando la sociedad del pasado: modernización y conflicto social en La Señora</subfield>
</datafield>
</record></metadata></record></GetRecord></OAI-PMH>